Možnosti využitia ekokošov a ekomatracov vo vodnom hospodárstve.
Gespeichert in:
| 1. Verfasser: | |
|---|---|
| Weitere Verfasser: | |
| Format: | Manuskript Buch |
| Sprache: | Slowakisch |
| Veröffentlicht: |
2016
|
| Schlagworte: | |
| Online-Zugang: | http://is.stuba.sk/zp/portal_zp.pl?podrobnosti=107842 https://opac.crzp.sk/?fn=detailBiblioForm&sid=CAF43C23BCEFEBA4BFC51ABCB6F5 |
| Tags: |
Keine Tags, Fügen Sie das erste Tag hinzu!
|
MARC
| LEADER | 00000ntm a22000003a 4500 | ||
|---|---|---|---|
| 001 | stuzp57109 | ||
| 003 | SK-STU | ||
| 005 | 20230620104628.7 | ||
| 007 | ta | ||
| 008 | 150427s2015----xo-----f-mn---000-0-slo-d | ||
| 040 | |a STU |b slo | ||
| 041 | 0 | |a slo | |
| 100 | 1 | |a Hmirák, Miroslav |u 010170 |4 aut |U SvF Stavebná fakulta |T SvF Katedra hydrotechniky |X 73287 |U V170 |Y 17 |7 73287 | |
| 242 | 0 | 1 | |a The possibility of usage of eco baskets and eco mattresses in water management |y eng |
| 245 | 1 | 0 | |a Možnosti využitia ekokošov a ekomatracov vo vodnom hospodárstve. |
| 260 | |c 2016 | ||
| 650 | 4 | |a Gabiónové konštrukcie |2 slo | |
| 650 | 4 | |a úprava tokov |2 slo | |
| 650 | 4 | |a protipovodňové opatrenia |2 slo | |
| 650 | 4 | |a restoration of rivers |2 eng | |
| 650 | 4 | |a flood control |2 eng | |
| 650 | 4 | |a Gabion construction |2 eng | |
| 700 | 1 | |a Gramblička, Miroslav |u 010170 |k Z1 |4 ths |U SvF Stavebná fakulta |T SvF Katedra hydrotechniky |X 2741 |U V170 |Y 17 |7 A000002741 | |
| 856 | 4 | |u http://is.stuba.sk/zp/portal_zp.pl?podrobnosti=107842 | |
| 856 | 4 | |u https://opac.crzp.sk/?fn=detailBiblioForm&sid=CAF43C23BCEFEBA4BFC51ABCB6F5 | |
| SQL | |a stuzp57109 |b DBP |c SLO |d Možnosti využitia ekokošov a ekomatracov vo vodnom hospodárstve. |e 73287 |f Hmirák, Miroslav |g 010170 |h 2741 |i Gramblička, Miroslav |j 20160621 |k 985 |l 01 |m http://is.stuba.sk/zp/portal_zp.pl?podrobnosti=107842 |n B-STOP |o 5.2.8. stavebníctvo, 6.4.1. vodné hospodárstvo | ||